header

Greek and Roman slavery (Record no. 97541)

MARC details
000 -LEADER
fixed length control field 01263nam a2200325Ia 4500
245 00 - TITLE STATEMENT
Title Greek and Roman slavery
260 ## - PUBLICATION, DISTRIBUTION, ETC. (IMPRINT)
Place of publication London :
Name of publisher Croom Helm,
Year of publication [1988], c1981.
300 ## - PHYSICAL DESCRIPTION
Number of Pages 284 p. :
Other physical details maps.
500 ## - GENERAL NOTE
General note Reprint. Originally published: London : Croom Helm, 1981.
650 #0 - SUBJECT ADDED ENTRY--TOPICAL TERM
Topical Term Slavery
Topical Term Slavery
700 1# - ADDED ENTRY--PERSONAL NAME
Personal name Wiedemann, Thomas E. J.
856 40 - ELECTRONIC LOCATION AND ACCESS
Uniform Resource Identifier http://site.ebrary.com/lib/rucke/Doc?id=10097446

No items available.

© 2026 Rongo University
Contact us: librarian | system librarian | Rongo university